Compilation of abstracts of contributed papers- Ionosphere and magnetosphere (Record no. 12701)

MARC details
000 -LEADER
fixed length control field 00711nam a2200181Ia 4500
003 - CONTROL NUMBER IDENTIFIER
control field IN-BaIIA
008 - FIXED-LENGTH DATA ELEMENTS--GENERAL INFORMATION
fixed length control field 211028s9999 xx 000 0 eng d
040 ## - CATALOGING SOURCE
Transcribing agency IIA Library
080 ## - UNIVERSAL DECIMAL CLASSIFICATION NUMBER
Universal Decimal Classification number 515.5
Item number ISR
110 ## - MAIN ENTRY--CORPORATE NAME
Corporate name or jurisdiction name as entry element Indian Space Research Organisation
9 (RLIN) 22242
111 ## - MAIN ENTRY--MEETING NAME
Meeting name or jurisdiction name as entry element National Space Science Symposium
Location of meeting India
Date of meeting or treaty signing 1982 Feb. 3-6
9 (RLIN) 22243
245 #0 - TITLE STATEMENT
Title Compilation of abstracts of contributed papers- Ionosphere and magnetosphere
Remainder of title vol. 2, National Space Science Symposium held in Bangalore, India, 3-6, Ferbruary 1982
Statement of responsibility, etc. Indian Space Research Organisation
260 ## - PUBLICATION, DISTRIBUTION, ETC.
Place of publication, distribution, etc. Bangalore
Name of publisher, distributor, etc. HAL Printing Press
Date of publication, distribution, etc. 1982
300 ## - PHYSICAL DESCRIPTION
Extent 170-365p
650 ## - SUBJECT ADDED ENTRY--TOPICAL TERM
Topical term or geographic name entry element Ionosphere, magnetosphere
9 (RLIN) 22244
710 ## - ADDED ENTRY--CORPORATE NAME
Corporate name or jurisdiction name as entry element ISRO
9 (RLIN) 22245
942 ## - ADDED ENTRY ELEMENTS (KOHA)
Koha item type Books
Holdings
Withdrawn status Lost status Damaged status Not for loan Home library Current library Shelving location Date acquired Total Checkouts Full call number Barcode Date last seen Price effective from Koha item type
        IIA Library-Bangalore IIA Library-Bangalore General Stacks 08/10/1998   515.5/ISR 13618 05/11/2021 08/10/1998 Books

Powered by Koha